00322nam a2200121Ia 4500008004100000041000800041082001400049100001700063245004500080260003300125300003100158365001100189240624s9999 xx 000 0 und d aeng a658.8 BUR aBURKITT HUGH aMARKETING EXCELLENCE WINNING COMPANIES R c2007aNew DelhibWiley India axiv, : 373 : p. : cm. ; 22 cRSb30